000 00325nam a2200121Ia 4500
100 _aHeart business communications
490 _v3
942 _cRB
654 _aic master 2001
245 _aIC Master 2001 manufacturing directory and technical data
260 _bHeart business communications inc.
_c2001
546 _aENGLISH
999 _c26519
_d26519